Contains Wall Quiz - Statistics

General Stats
  • This quiz has been taken 472 times
  • The average score is 8 of 12
Answer Stats
Hint Answer % Correct
This came down in 1989 Berlin Wall
96%
Apparently, this can be seen from space The Great Wall of China
94%
A Pixar animation film featuring a clean-up robot, after which the film is named WALL-E
86%
A shy person at a social occasion Wallflower
86%
A mini version of a kangaroo Wallaby
85%
Something to make walls look pretty Wallpaper
82%
He's got a dog called Gromit Wallace
76%
A Roman Wall built in Northern England, much of which still remains today Hadrian's Wall
58%
To hit something hard Wallop
54%
Large, North American game fish Walleye
48%
A former principality in Europe, now Romania, whose capital was Bucharest Wallachia
12%
Another name for a lesser spotted woodpecker Wallhick
0%
No matching quizzes found
Score Distribution
Percent of People with Each Score
Percentile by Number Answered
Your Score History
You have not taken this quiz